Statystyki dla kwasy chemia

Kliknij tutaj aby rozwiązać quiz!

Ogólne statystyki

  • Ten quiz został rozwiązany 1 812 razy
  • Średni wynik to 6 z 7

Statystyki odpowiedzi

HintOdpowiedź% Poprawnych
kwas siarkowodorowyH2S
98%
kwas chlorowodorowyHCL
97%
kwas siarkowyH2SO4
95%
kwas siarkowy (4)H2SO3
92%
kwas azotowyH NO3
92%
kwas węglowyH2CO3
89%
kwas fosforowyH3PO4
87%

Rozkład punktacji

Percentyl według liczby udzielonych odpowiedzi

Procent ludzi z każdym wynikiem

Twoja historia wyników

Nie rozwiązałeś tego quizu